| 000 | 00574cam a2200229 4500 | ||
|---|---|---|---|
| 008 | 090401t1971 xxu||||| |||| 00| 0 eng d | ||
| 020 | _a0721904106 | ||
| 035 | _a(Sirsi) u78129 | ||
| 041 | _aeng | ||
| 050 | _a336.210212 | ||
| 100 | _aJames, A.C. | ||
| 245 | _aAltoun`s rate assessment calculator `the handy calculator`.... | ||
| 250 | _a10th ed. | ||
| 260 |
_aLondon _bShaw & Sons _c1971 |
||
| 300 | _a26p. ; 16x12cm. | ||
| 350 | _a0 | ||
| 650 | _aRATING | ||
| 650 | _aRENT ASSESSMENT | ||
| 690 | _aRATING AND VALUATION | ||
| 942 | _n0 | ||
| 948 | _c02/05/1997 | ||
| 999 |
_c96391 _d96391 |
||